000 00542 a2200169 4500
020 _a0226870332
020 _a9780226870335
082 _a530.11
090 _c946
_d946
100 1 _aWald, Robert M.
245 1 0 _aGeneral relativity /
_cRobert M. Wald.
260 _a[S.l.] :
_bUniversity Of Chicago Press,
_c1984.
300 _a506 p. ;
_c23 cm.
700 _aWald, Robert M.
942 _aSNS
_cBK
_k530.11 WAL
999 _c29566
_d29566